| 000 | 03853namaa22004211i 4500 | ||
|---|---|---|---|
| 003 | EG-GICUC | ||
| 005 | 20260310104337.0 | ||
| 008 | 260224s2025 ua a|||frm||| 000 0 eng d | ||
| 040 |
_aEG-GICUC _beng _cEG-GICUC _dEG-GICUC _erda |
||
| 041 | 0 |
_aspa _bspa _bara |
|
| 049 | _aDeposit | ||
| 082 | 0 | 4 | _a463.21 |
| 092 |
_a463.21 _221 |
||
| 097 | _aM.A | ||
| 099 | _aCai01.02.16.M.A.2025.Am.E | ||
| 100 | 0 |
_aAml Ali Mahmoud Khalil Abd El Ghaffar, _epreparation. |
|
| 245 | 1 | 3 |
_aLa esencia y la apariencia en la novela El hombre mal vestido de Guillermo Fadanelli : _bEstudio Crítico / _cby Aml Ali Mahmoud Khalil Abd El Ghaffar ; Directora Profa Dra. Rasha Mohamed Abboudy. |
| 246 | 1 | 5 |
_aالجوهر و المظهر في رواية الرجل رديء الملبس لجييرمو فادانيلي : _bدراسة نقدية |
| 264 | 0 | _c2023. | |
| 300 |
_a137 Leaves : _billustrations ; _c25 cm. + _eCD. |
||
| 336 |
_atext _2rda content |
||
| 337 |
_aUnmediated _2rdamedia |
||
| 338 |
_avolume _2rdacarrier |
||
| 502 | _aThesis (M.A)-Cairo University, 2025. | ||
| 504 | _aBibliography: pages 125-137. | ||
| 520 | 3 | _aEl presente estudio tiene como objetivo principal analizar la esencia y la apariencia del protagonista de la novela El hombre mal vestido (2020) del escritor mexicano Guillermo Fadanelli. Los sucesos tienen lugar en el barrio de Tacubaya, en México. El protagonista, Esteban Arévalo, es un hombre mal vestido, desaliñado y con apariencia de pordiosero. Por todo ello, es sospechoso de haber cometido al menos ocho asesinatos. En este estudio, intentaremos distinguir entre la esencia y la apariencia, subrayando sus connotaciones. También analizaremos el prejuicio hacia los demás, haciendo hincapié en ideas recurrentes como el miedo a la diferencia, las formas de la intolerancia y el materialismo que rige hoy en día. A lo largo del estudio acudiremos a las diferentes teorías literarias y las del psicoanálisis humanista para descifrar la visión final del autor. | |
| 520 | 3 | _a تهدف هذه الدراسة إلي تحليل جوهر و مظهر بطل رواية الرجل رديء الملبس (2020) للكاتب المكسيكي غييرمو فادانيللي. تدور الأحداث في حي تاكوبايا في المكسيك. البطل، إستيبان أريفالو، هو رجل يرتدي ملابس سيئة، مهمل و له مظهر يشبه المتشردين. و لهذه الأسباب يُشتبه في أنه ارتكب ما لا يقل عن ثمانية جرائم قتل. في هذه الدراسة، سنحاول التمييز بين الجوهر و المظهر مع تسليط الضوء علي دلالاتهما. كما سنحلل الحكم المسبق علي الآخرين مع التركيز علي أفكار متكررة مثل الخوف من الاختلاف و أشكال التعصب و المادية التي تحكمنا في الوقت الحالي. على امتداد هذا البحث سنستعين بمختلف النظريات الأدبية ونظريات التحليل النفسي الإنساني لفكّ شفرة الرؤية النهائية للمؤلف. | |
| 530 | _aIssues also as CD. | ||
| 546 | _aText in English and abstract in Arabic & English. | ||
| 650 | 0 | _aSpanish language | |
| 650 | 0 | _aاللغة الإسبانية | |
| 653 | 1 |
_aGuillermo Fadanelli _aEsencia _aApariencia _aEl hombre mal vestido _aLiteratura mexicana contemporánea _aجييرمو فادانيللي _aالجوهر |
|
| 700 | 0 |
_aRasha Mohamed Abboudy _ethesis advisor. |
|
| 900 |
_b01-01-2025 _cRasha Mohamed Abboudy _UCairo University _FFaculty of Arts _DDepartment of Hispanic Language and Literature |
||
| 905 |
_aShimaa _eEman Ghareb |
||
| 942 |
_2ddc _cTH _e21 _n0 |
||
| 999 | _c178713 | ||